000 01300nam a2200265Ia 4500
003 OSt
005 20220923211620.0
006 a|||||r|||| 00| 0
007 ta
008 220922b |||||||| |||| 00| 0 san d
024 _a12,620
037 _cTextual
040 _aARTS
_cARTS
_bsan
041 _2san
_asan
082 _aDelta3, 1518L3
100 _aयोगीन्दुदेव
_9156945
245 0 _aच्ंतंउंजउंचतंांें ूपजी जीम ेंदेातपज बवउउ इल ठतंीउंकमअं ंदक भ्पदकप जत इल क्ंनसंजंतंउं, ल्वहपदकनकमअं; परमात्मप्रकाशः
246 _aChantanuanjauanchatanāanean ūpajī jīm eandeātapaj bavauu il ṭhatanīuankamaaan andak bhpadakap jat il kannasanjantanuan, lvahapadakanakamaaan; paramātmaprakāshah
260 _aगुजरात
_b रावजी छगनभाई देसाई
_c1973
300 _a396प0
_ccm.
490 _aRajachandra Jaina Shastramala
650 _aआध्यात्मिक अनुभव और रहस्यवाद
942 _hDelta3, 1518L3
_cTEXL
_2CC
999 _c301488
_d301488